Statistics for Subdivisions of Cameron County, Pennsylvania - Map Quiz

Click here to take the quiz!

General Stats

  • This quiz has been taken 7 times
  • The average score is 5 of 7

Answers on the Map

Answers color-coded by a green-red scale on the quiz's map according to % correct below.
 

Answer Stats

Answer% Correct
Driftwood
100%
Emporium
100%
Grove Township
75%
Gibson Township
50%
Lumber Township
50%
Portage Township
50%
Shippen Township
50%

Score Distribution

Percentile by Number Answered

Percent of People with Each Score

Your Score History

You have not taken this quiz